Teoretické a praktické aspekty zdanenia majetku diplomová práca

Salvato in:
Dettagli Bibliografici
Autore principale: Koľbíková, Miroslava
Ente Autore: Národohospodárska fakulta EU. Katedra financií
Altri autori: Geško, Martin
Natura: Libro
Lingua:slovacco
Pubblicazione: Bratislava 2013
Tags: Aggiungi Tag
Nessun Tag, puoi essere il primo ad aggiungerne!!

MARC

LEADER 00000nbm a2200000 4500
001 0170483
005 20161109102348.8
041 0 |a slo 
044 |a SK 
245 1 0 |a Teoretické a praktické aspekty zdanenia majetku  |b diplomová práca  |c Miroslava Koľbíková ; školiteľ: Martin Geško 
264 1 |a Bratislava  |c 2013 
300 |a 69 s. 
100 1 |a Koľbíková, Miroslava 
700 1 |a Geško, Martin 
710 2 |a Národohospodárska fakulta EU. Katedra financií